| 000 | 00456nam a22001337a 4500 | ||
|---|---|---|---|
| 005 | 20241016095914.0 | ||
| 008 | 241016b |||||||| |||| 00| 0 eng d | ||
| 100 |
_aSalonga-Datu, Gel. _eauthor. _962999 |
||
| 245 |
_aBaking basics / _cGel Salonga-Datu. |
||
| 260 |
_aPhilippines; _bPhilippine Graphic Publishing Inc., _cAugust 2019. |
||
| 300 |
_aVolume 20, pages 26-27, _billustration. |
||
| 700 |
_aSalonga-Datu, Gel. _eauthor. _963000 |
||
| 942 |
_2ddc _cPER |
||
| 999 |
_c22594 _d22594 |
||